International Scientific Conference COMPETITION Proceedings of the 16th International Scientific Conference : 9th - 10th May 2024, Jihlava, Czech Republic
Salvato in:
| Ente Autore: | |
|---|---|
| Natura: | Libro |
| Lingua: | inglese ceco slovacco |
| Pubblicazione: |
Jihlava
College of Polytechnics Jihlava
2024
|
| Edizione: | 1st Edition |
| Soggetti: | |
| Tags: |
Nessun Tag, puoi essere il primo ad aggiungerne!!
|
MARC
| LEADER | 00000nlm a2200000 4500 | ||
|---|---|---|---|
| 001 | 0305674 | ||
| 005 | 20241217132048.1 | ||
| 020 | |a 978-80-88064-74-9 | ||
| 022 | |a 2788-0605 (online; pdf) | ||
| 041 | 0 | |a eng | |
| 041 | 0 | |a cze | |
| 041 | 0 | |a slo | |
| 044 | |a CZ | ||
| 245 | 1 | 0 | |a International Scientific Conference COMPETITION |b Proceedings of the 16th International Scientific Conference : 9th - 10th May 2024, Jihlava, Czech Republic |
| 250 | |a 1st Edition | ||
| 264 | 1 | |a Jihlava |b College of Polytechnics Jihlava |c 2024 | |
| 300 | |a 97 s. | ||
| 610 | 2 | 0 | |a konkurencia |
| 610 | 2 | 0 | |a konkurencieschopnosť |
| 610 | 2 | 0 | |a médiá sociálne |
| 610 | 2 | 0 | |a podnikanie |
| 610 | 2 | 0 | |a marketing |
| 110 | 2 | |a COMPETITION. International Scientific Conference | |